| 000 | 01307nam a22001577a 4500 | ||
|---|---|---|---|
| 005 | 20260623140241.0 | ||
| 020 | _a9789819700790 | ||
| 082 | _a338.951 | ||
| 100 | _aLan, Xiaohuan. | ||
| 245 |
_aHow China Works _bAn Introduction to China's State-led Economic Development |
||
| 260 |
_aSingapore _bPalgrave Macmillan _c2024 |
||
| 300 | _axviii, 346p. | ||
| 520 | _aThis book, a bestseller in China with over a million copies sold, depicts the role played by the Chinese government in China‘s economic development. It explains how the Chinese government has gradually established and improved market mechanisms while promoting economic growth. The book particularly points out that the Chinese government not only governs the economy through policy guidance but also directly participates in the process of urbanization and industrialization as part of the market. It also introduces the specific mechanisms of government involvement in economic activities, which forms a bridge between economic theory and the reality of China. This book, a winner of the Wenjin Book Award by the National Library of China, will be an invaluable reference for scholars seeking to understand China‘s economic policy and government system reform in the years to come. | ||
| 650 | _aEconomic Development-China | ||
| 942 | _cBK | ||
| 999 |
_c11513 _d11513 |
||